000 00438nam a2200181Ia 4500
001 16173
005 20260306170250.0
008 260306t2010||||xx |||||||||||||| ||und||
041 _aESP
082 _a347.02
_bG12
100 _aHundskopf Exebio, Oswaldo
_eAUT
245 0 _aManual de actualización comercial
260 _c2010
300 _a350 pƔginas :
_c24 cm.
650 _aGEN
654 _aCDE
942 _cLIB
_dJUS
_fJUS
_2ddc
_n
999 _c16173
_d16173